000
00244nam a2200097Ia 4500
001
1073301
005
20250827002158.0
008
250824s9999 xx 000 0 und d
245
0
_a
KÜLLER
_c
HALİDE NUSRET ZORLUTUNA
260
_b
PANAMA YAYINLARI
999
_c
1073301
_d
1073301